000 00526nam a2200193Ia 4500
005 20250508165612.0
008 008 250505s9999 xx 000 0 eng d
037 _aTextual
040 _aFEDL
_beng
_cFEDL
041 _aeng
_2eng
084 _a006.3, LEV
_qFEDL
100 _aLevy Steven
_9781343
245 0 _aArtificial life : the quest for a new creation
260 _aLondon, UK
_bPenguin Books
_c1993
300 _a389p
365 _aGBP
_b6
942 _cTEXL
_h006.3, LEV
999 _c1396133
_d1396133